ABBA : An Agent-Based Model of the Banking System /

A thorough analysis of risks in the banking system requires incorporating banks' inherent heterogeneity and adaptive behavior in response to shocks and changes in business conditions and the regulatory environment. ABBA is an agent-based model for analyzing risks in the banking system in which...

ver descrição completa

Detalhes bibliográficos
Autor principal: Chan-Lau, Jorge
Formato: Periódico
Idioma:English
Publicado em: Washington, D.C. : International Monetary Fund, 2017.
Colecção:IMF Working Papers; Working Paper ; No. 2017/136
Acesso em linha:Full text available on IMF
LEADER 01893cas a2200241 a 4500
001 AALejournalIMF017653
008 230101c9999 xx r poo 0 0eng d
020 |c 5.00 USD 
020 |z 9781484300688 
022 |a 1018-5941 
040 |a BD-DhAAL  |c BD-DhAAL 
100 1 |a Chan-Lau, Jorge. 
245 1 0 |a ABBA :   |b An Agent-Based Model of the Banking System /  |c Jorge Chan-Lau. 
264 1 |a Washington, D.C. :  |b International Monetary Fund,  |c 2017. 
300 |a 1 online resource (33 pages) 
490 1 |a IMF Working Papers 
500 |a <strong>Off-Campus Access:</strong> No User ID or Password Required 
500 |a <strong>On-Campus Access:</strong> No User ID or Password Required 
506 |a Electronic access restricted to authorized BRAC University faculty, staff and students 
520 3 |a A thorough analysis of risks in the banking system requires incorporating banks' inherent heterogeneity and adaptive behavior in response to shocks and changes in business conditions and the regulatory environment. ABBA is an agent-based model for analyzing risks in the banking system in which banks' business decisions drive the endogenous formation of interbank networks. ABBA allows for a rich menu of banks' decisions, contingent on banks' balance sheet and capital position, including dividend payment rules, credit expansion, and dynamic balance sheet adjustment via risk-weight optimization. The platform serves to illustrate the effect of changes on regulatory requirements on solvency, liquidity, and interconnectedness risk. It could also constitute a basic building block for further development of large, bottom-up agent-based macro-financial models. 
538 |a Mode of access: Internet 
830 0 |a IMF Working Papers; Working Paper ;  |v No. 2017/136 
856 4 0 |z Full text available on IMF  |u http://elibrary.imf.org/view/journals/001/2017/136/001.2017.issue-136-en.xml  |z IMF e-Library